000 01597nam a22003254i 4500
001 991061597665706706
003 ES-BaIT
005 20260203132856.0
008 260126e202401 sp o 000 d spa c
017 _aDL M 3111-2024
_bOficina DL Madrid
020 _a9788490414910
040 _aES-BaIT
_bcat
_erda
_cES-BaIT
080 _a860(82)-2"19"
100 _aDespeyroux, Denise
_eautor
_9121776
245 1 0 _aMisericordia /
_cDenise Despeyroux
250 _aPrimera edición
264 1 _a[Madrid] :
_bCentro Dramático Nacional,
_cenero 2024
300 _a151 pàgines :
_bfotografies (en color) ;
_c22 cm
336 _atext
_btxt
_2rdacontent
337 _asense mediació
_bn
_2rdamedia
338 _avolum
_bnc
_2rdacarrier
490 1 _aCentro Dramático Nacional ;
_v30
500 _aP5: D3, H2
520 _a"El dramaturgo Darío Duarte se enfrenta a su primer estreno en la sala grande del CDN. Hijo del exilio uruguayo, mientras convive con dos hermanas tan disfuncionales como él y un amigo fracasado, se plantea practicar por primera vez la autoficción para hablar sobre el viaje que a sus cinco años le permitió conocer a su padre en la cárcel. El problema es que no recuerda nada. Su admirado Sergio Blanco le recomienda que hable con Denise Despeyroux. Pero ¿qué pinta en todo esto una dramaturga anticuada y con pretensiones filosóficas que a Darío no le interesa?" -- Coberta
650 0 _aExiliats
_vTextos dramàtics
_9168307
830 _aCentro Dramático Nacional (Col·lecció)
_v30
_9167359
908 _aCDMAE
940 _aCVA38
942 _2udc
_c1
999 _c137005
_d137005